The royal inscriptions of Esarhaddon, king of Assyria (680-669 BC) (Record no. 148503)
[ view plain ]
| 000 -LEADER | |
|---|---|
| fixed length control field | 01787nam a2200409Ia 4500 |
| 001 - CONTROL NUMBER | |
| control field | vtls003239167 |
| 003 - CONTROL NUMBER IDENTIFIER | |
| control field | MY-SjTCS |
| 005 - DATE AND TIME OF LATEST TRANSACTION | |
| control field | 20200226115436.0 |
| 006 - FIXED-LENGTH DATA ELEMENTS--ADDITIONAL MATERIAL CHARACTERISTICS | |
| fixed length control field | m u |
| 007 - PHYSICAL DESCRIPTION FIXED FIELD--GENERAL INFORMATION | |
| fixed length control field | cr cn||||||||| |
| 008 - FIXED-LENGTH DATA ELEMENTS--GENERAL INFORMATION | |
| fixed length control field | 120829s2011 inua sb 001 0 eng d |
| 010 ## - LIBRARY OF CONGRESS CONTROL NUMBER | |
| Canceled/invalid LC control number | 2010-051478 |
| 020 ## - INTERNATIONAL STANDARD BOOK NUMBER | |
| Canceled/invalid ISBN | 1575062097 |
| 020 ## - INTERNATIONAL STANDARD BOOK NUMBER | |
| Canceled/invalid ISBN | 9781575062099 |
| 020 ## - INTERNATIONAL STANDARD BOOK NUMBER | |
| Canceled/invalid ISBN | 9781575066462 |
| 035 ## - SYSTEM CONTROL NUMBER | |
| System control number | (OCoLC)759160113 |
| 035 ## - SYSTEM CONTROL NUMBER | |
| System control number | (CaPaEBR)ebr10495949 |
| 039 #9 - LEVEL OF BIBLIOGRAPHIC CONTROL AND CODING DETAIL [OBSOLETE] | |
| -- | 201208291111 |
| -- | wilmina |
| 040 ## - CATALOGING SOURCE | |
| Original cataloging agency | CaPaEBR |
| Transcribing agency | CaPaEBR |
| 050 14 - LIBRARY OF CONGRESS CALL NUMBER | |
| Classification number | PJ3837.E7 |
| Item number | L45 2011eb |
| 100 0# - MAIN ENTRY--PERSONAL NAME | |
| Personal name | Esarhaddon, |
| Titles and words associated with a name | King of Assyria, |
| Dates associated with a name | d. 669 B.C. |
| 245 14 - TITLE STATEMENT | |
| Title | The royal inscriptions of Esarhaddon, king of Assyria (680-669 BC) |
| Medium | [electronic resource] / |
| Statement of responsibility, etc. | [edited by] Erle Leichty ; with a contribution by Grant Frame and the editorial assistance of Jamie Novotny, Matthew T. Rutz, and Amy E. Barron. |
| 260 ## - PUBLICATION, DISTRIBUTION, ETC. | |
| Place of publication, distribution, etc. | Winona Lake, Ind. : |
| Name of publisher, distributor, etc. | Eisenbrauns, |
| Date of publication, distribution, etc. | 2011. |
| 300 ## - PHYSICAL DESCRIPTION | |
| Extent | xxxiii, 352 p. : |
| Other physical details | ill. |
| 490 0# - SERIES STATEMENT | |
| Series statement | The royal inscriptions of the neo-Assyrian period ; |
| Volume/sequential designation | v. 4 |
| 504 ## - BIBLIOGRAPHY, ETC. NOTE | |
| Bibliography, etc. note | Includes bibliographical references and index. |
| 533 ## - REPRODUCTION NOTE | |
| Type of reproduction | Electronic reproduction. |
| Place of reproduction | Palo Alto, Calif. : |
| Agency responsible for reproduction | ebrary, |
| Date of reproduction | 2011. |
| Note about reproduction | Available via World Wide Web. |
| -- | Access may be limited to ebrary affiliated libraries. |
| 600 00 - SUBJECT ADDED ENTRY--PERSONAL NAME | |
| Personal name | Esarhaddon, |
| Titles and other words associated with a name | King of Assyria, |
| Dates associated with a name | d. 669 B.C. |
| 650 #0 - SUBJECT ADDED ENTRY--TOPICAL TERM | |
| Topical term or geographic name entry element | Akkadian language |
| Form subdivision | Texts. |
| 650 #0 - SUBJECT ADDED ENTRY--TOPICAL TERM | |
| Topical term or geographic name entry element | Cuneiform inscriptions, Akkadian. |
| 651 #0 - SUBJECT ADDED ENTRY--GEOGRAPHIC NAME | |
| Geographic name | Assyria |
| General subdivision | History |
| Form subdivision | Sources. |
| 651 #0 - SUBJECT ADDED ENTRY--GEOGRAPHIC NAME | |
| Geographic name | Assyria |
| General subdivision | Kings and rulers. |
| 655 #7 - INDEX TERM--GENRE/FORM | |
| Genre/form data or focus term | Electronic books. |
| Source of term | local |
| 700 1# - ADDED ENTRY--PERSONAL NAME | |
| Personal name | Leichty, Erle, |
| Dates associated with a name | 1933- |
| 710 2# - ADDED ENTRY--CORPORATE NAME | |
| Corporate name or jurisdiction name as entry element | ebrary, Inc. |
| 9 (RLIN) | 25628 |
| 856 40 - ELECTRONIC LOCATION AND ACCESS | |
| Uniform Resource Identifier | https://ezproxy.taylors.edu.my/login?url=http://site.ebrary.com/lib/taylorscollege/Doc?id=10495949 |
| Public note | An electronic book accessible through the World Wide Web; click to view |
| Withdrawn status | Lost status | Damaged status | Not for loan | Home library | Current library | Date acquired | Total Checkouts | Date last seen | Price effective from | Koha item type |
|---|---|---|---|---|---|---|---|---|---|---|
| e-book | Taylor's Library-TU | Taylor's Library-TU | 02/03/2026 | 02/03/2026 | 02/03/2026 | E-Book |